Statistics for Hockey trivia

Click here to take the quiz!

General Stats

  • This quiz has been taken 56 times
  • The average score is 5 of 15

Answer Stats

HintAnswer% Correct
Team won 4 straight Stanley Cups from 1980-1983New York Islanders
67%
Non-Canadian with most scoring titlesJaromir Jagr
59%
First NHL goalie to wear mask during gamesJacques Plante
55%
Second oldest player in NHL history at 48Chris Chelios
53%
Had more goals than teammate Gretzky in '85-86Jari Kurri
51%
Tournament MVP in 1976 Canada CupBobby Orr
43%
Team made Soviet Red Army walk off ice in '76Philadelphia Flyers
39%
First NHLer to score 60, 70 and 75 in a seasonPhil Esposito
31%
First NHL goalie to score a goalBilly Smith
29%
Led NHL in Assists, +/- despite 136 PMs in 1975-76Bobby Clarke
20%
Slovak 2nd in scoring to Gretzky by 72 points in '82-83Peter Stastny
16%
Won Art Ross, Hart & Lady Byng in same seasonStan Mikita
16%
Only player to die from NHL game injuryBill Masterton
12%
Scored '64 Stanley Cup winner with broken legBob Baun
10%
UNHAPPY Canadian sniper left '72 Summit SeriesVic Hadfield
0%

Score Distribution

Percentile by Number Answered

Percent of People with Each Score

Your Score History

You have not taken this quiz